[Event "50th World U20 ch"]
[Site "Chennai IND"]
[Date "2011.08.10"]
[Round "8.53"]
[White "Visakh, N. R."]
[Black "Vasli, Aref"]
[Result "1-0"]
[WhiteElo "2042"]
[BlackElo "2181"]
[EventDate "2011.08.02"]
[PlyCount "86"]

1.e4 e5 2.Nf3 Nc6 3.Bb5 a6 4.Bxc6 dxc6 5.O-O Bg4 6.h3 h5 7.d3 Qf6 8.Be3 
Ne7 9.Nbd2 Bd7 10.Nc4 Ng6 11.d4 Bd6 12.Re1 Qe7 13.dxe5 Bxe5 14.Ncxe5 Nxe5 
15.Bd4 Ng6 16.Qd2 Rg8 17.Qa5 b6 18.Qxh5 O-O-O 19.Bc3 Qe8 20.Nd4 c5 21.Nf5 
Nf4 22.Qh4 Ng6 23.Qg3 Qf8 24.h4 Ne7 25.Ne3 f6 26.Rad1 Qf7 27.b3 Bc6 28.e5 
Kb7 29.a4 fxe5 30.Bxe5 Ng6 31.Bxc7 Rxd1 32.Rxd1 Nxh4 33.Qxh4 Qxc7 34.Nf5 
g5 35.Qh6 g4 36.Qe6 Rg5 37.Nd6+ Ka7 38.Nf7 Rh5 39.Rd6 Bb7 40.Qd7 Qb8 41.
Nd8 Ka8 42.Nxb7 g3 43.Nd8 Rh8 1-0

[Event "50th World U20 ch"]
[Site "Chennai IND"]
[Date "2011.08.10"]
[Round "8.54"]
[White "Sekar, B."]
[Black "Soares, Erikson"]
[Result "0-1"]
[WhiteElo "2061"]
[BlackElo "2181"]
[EventDate "2011.08.02"]
[PlyCount "74"]

1.e4 e6 2.d4 d5 3.Nd2 Nf6 4.e5 Nfd7 5.Bd3 c5 6.c3 Nc6 7.Ngf3 Be7 8.O-O g5 
9.dxc5 Nxc5 10.Bc2 Qc7 11.Re1 Nd7 12.Nb3 g4 13.Nfd4 Ndxe5 14.Bf4 f6 15.
Nxc6 bxc6 16.Bxe5 fxe5 17.Qxg4 Bd6 18.c4 Qf7 19.Rad1 Bd7 20.Nd2 O-O-O 21.
Ne4 Be7 22.Ng3 h5 23.Qe2 Bc5 24.b4 Bd4 25.b5 cxb5 26.cxb5 Kb7 27.Qd2 h4 
28.Nf1 h3 29.g3 Qf3 30.Ne3 Rc8 31.Qe2 Qxe2 32.Rxe2 Bxb5 33.Rb1 Kc6 34.Ree1
Ba6 35.Ng4 Kd6 36.Bb3 Bc3 37.Rec1 Bd3 0-1

[Event "50th World U20 ch"]
[Site "Chennai IND"]
[Date "2011.08.10"]
[Round "8.56"]
[White "Arun, J."]
[Black "Zulfic, Fedja"]
[Result "0-1"]
[WhiteElo "2018"]
[BlackElo "2098"]
[EventDate "2011.08.02"]
[PlyCount "51"]

1.e4 d5 2.exd5 Nf6 3.Nf3 Bg4 4.Be2 Qxd5 5.d4 Nc6 6.O-O O-O-O 7.c4 Qh5 8.
Qa4 e5 9.d5 Nd4 10.Nxd4 exd4 11.Bd3 Bd6 12.f4 Kb8 13.Na3 Bd7 14.Qc2 c5 15.
Bd2 g5 16.Bf5 Rhg8 17.Bxd7 Nxd7 18.Nb5 Bxf4 19.Rxf4 gxf4 20.Bxf4+ Ne5 21.
Qf2 a6 22.Na3 Ka8 23.Bxe5 Qxe5 24.Re1 Qg5 25.Nc2 Rde8 26.b4 0-1

[Event "50th World U20 ch"]
[Site "Chennai IND"]
[Date "2011.08.10"]
[Round "8.58"]
[White "Bukhalaf, Khalil"]
[Black "Santos, Hugo Lima"]
[Result "0-1"]
[WhiteElo "2004"]
[BlackElo "2078"]
[EventDate "2011.08.02"]
[PlyCount "82"]

1.c4 e5 2.Nc3 Nc6 3.g3 g6 4.Bg2 Bg7 5.Rb1 f5 6.b4 a6 7.a4 e4 8.b5 axb5 9.
axb5 Ne5 10.d3 Nxd3+ 11.exd3 Bxc3+ 12.Bd2 Bxd2+ 13.Qxd2 Nf6 14.Ne2 d5 15.
dxe4 dxe4 16.Qxd8+ Kxd8 17.O-O Be6 18.Rfc1 Ra3 19.Nd4 Ke7 20.Rb3 Rha8 21.
Bf1 Rxb3 22.Nxb3 Nd7 23.Nd4 Ne5 24.Nb3 Ra3 25.Nc5 Bc8 26.Rb1 Nf3+ 27.Kg2 
Nd2 28.Rb2 Nxf1 29.Kxf1 b6 30.Nb3 Be6 31.Nd4 Bxc4+ 32.Ke1 Ra1+ 33.Kd2 Ra2 
34.Rxa2 Bxa2 35.Kc3 Kd6 36.Kb4 Bd5 37.Ne2 c5+ 38.bxc6 Bxc6 39.Kc4 Ke5 40.
h4 h6 41.Nd4 Bb7 0-1

[Event "50th World U20 ch"]
[Site "Chennai IND"]
[Date "2011.08.11"]
[Round "9.8"]
[White "Roganovic, Milos"]
[Black "Matlakov, Maxim"]
[Result "1-0"]
[WhiteElo "2476"]
[BlackElo "2632"]
[EventDate "2011.08.02"]
[PlyCount "51"]

1.e4 c6 2.Nc3 d5 3.Nf3 Bg4 4.h3 Bxf3 5.Qxf3 e6 6.g3 Nd7 7.Qe2 Ne7 8.Bg2 g6
9.O-O Bg7 10.Rd1 Qb6 11.b3 dxe4 12.Bxe4 Nf5 13.Bxf5 gxf5 14.d4 Qa5 15.Qf3 
O-O-O 16.Bg5 Rdg8 17.Bf4 h5 18.h4 Bf6 19.Rab1 c5 20.b4 cxb4 21.a3 bxc3 22.
Qxb7+ Kd8 23.Bd6 Ke8 24.Qc6 Qd5 25.Rb8+ Bd8 26.Rxd8+ 1-0

[Event "50th World U20 ch"]
[Site "Chennai IND"]
[Date "2011.08.11"]
[Round "9.10"]
[White "Shimanov, Alexander"]
[Black "Vaibhav, Suri"]
[Result "1-0"]
[WhiteElo "2586"]
[BlackElo "2430"]
[EventDate "2011.08.02"]
[PlyCount "157"]

1.d4 Nf6 2.c4 e6 3.Nc3 Bb4 4.e3 c5 5.Ne2 d5 6.a3 Ba5 7.dxc5 dxc4 8.Qxd8+ 
Bxd8 9.Nd4 Nbd7 10.Bxc4 Nxc5 11.f3 Bd7 12.e4 Bb6 13.Ndb5 Ke7 14.b4 Bxb5 
15.Nxb5 a6 16.bxc5 axb5 17.Bxb5 Bxc5 18.Ke2 Ne8 19.Bb2 Nd6 20.Rhc1 Rhc8 
21.Bd3 f6 22.a4 e5 23.g3 Bb4 24.Rxc8 Rxc8 25.Rc1 Rxc1 26.Bxc1 Ke6 27.Be3 
Ke7 28.f4 Ke6 29.f5+ Ke7 30.g4 h6 31.h4 Ba3 32.Bd2 b6 33.Bc2 Bc5 34.Kd3 
Bf2 35.Bb3 Kd8 36.g5 hxg5 37.hxg5 Bc5 38.Bd5 Ne8 39.Bc6 Nd6 40.Bd5 Ne8 41.
Ke2 Ke7 42.Kf3 fxg5 43.Bxg5+ Nf6 44.Bb7 Kd6 45.Bc1 Bb4 46.Bb2 Nd7 47.Ba6 
Nc5 48.Bb5 Bd2 49.Ba3 Kc7 50.Ke2 Bg5 51.Kf3 Bd2 52.Be2 Bg5 53.Bd1 Nd3 54.
Bb3 Bf6 55.Ke3 Nf4 56.Bc4 Bg5 57.Kf3 Bf6 58.Bb5 Bg5 59.Bb4 Bh4 60.Bc3 Bf6 
61.Ke3 Kd6 62.Bb4+ Kc7 63.Kd2 Nh3 64.Bc4 Nf4 65.Bf7 Kd7 66.Bf8 Nh3 67.Kc3 
Ng5 68.Bd5 Ke8 69.Ba3 Be7 70.Bc1 Nf3 71.Bc6+ Kd8 72.Kc4 Nd4 73.Kd5 Bf6 74.
Bb5 Nc2 75.Kc6 Kc8 76.Kxb6 Nd4 77.Bc4 Be7 78.Bd2 Nc2 79.a5 1-0

[Event "50th World U20 ch"]
[Site "Chennai IND"]
[Date "2011.08.11"]
[Round "9.11"]
[White "Kovalev, Vladislav"]
[Black "Nabaty, Tamir"]
[Result "1-0"]
[WhiteElo "2439"]
[BlackElo "2584"]
[EventDate "2011.08.02"]
[PlyCount "53"]

1.e4 c5 2.Nf3 d6 3.d4 cxd4 4.Nxd4 Nf6 5.Nc3 g6 6.Be3 Bg7 7.f3 Nc6 8.Qd2 
O-O 9.g4 Bxg4 10.fxg4 Nxg4 11.Bg1 e6 12.Nf3 Rc8 13.h4 Qa5 14.Be2 h5 15.Rh3
Bh6 16.Ng5 f6 17.Qxd6 fxg5 18.Qxe6+ Kh7 19.O-O-O gxh4+ 20.Kb1 Rcd8 21.Nd5 
Nf2 22.Bxf2 Rxf2 23.Rg1 Bg5 24.Bxh5 Qd2 25.Qxg6+ Kh8 26.Be2 Rg2 27.Rxh4+ 
1-0

[Event "50th World U20 ch"]
[Site "Chennai IND"]
[Date "2011.08.11"]
[Round "9.12"]
[White "Sethuraman, Panayapan"]
[Black "Getz, Nicolai"]
[Result "1-0"]
[WhiteElo "2529"]
[BlackElo "2385"]
[EventDate "2011.08.02"]
[PlyCount "77"]

1.d4 d5 2.c4 c6 3.Nc3 Nf6 4.e3 g6 5.Nf3 Bg7 6.h3 O-O 7.Bd3 c5 8.O-O Nc6 9.
dxc5 dxc4 10.Bxc4 Qa5 11.e4 Qxc5 12.Qe2 e5 13.Nb5 Nd4 14.Nfxd4 exd4 15.Bf4
Nxe4 16.Bd3 Bf5 17.Nc7 Rad8 18.Bxe4 d3 19.Qf3 Bxe4 20.Qxe4 Rd4 21.Qe3 d2 
22.Rad1 Qf5 23.Bg3 Rfd8 24.Qb3 b6 25.Nb5 Rd3 26.Nc3 Qc5 27.Bf4 Bxc3 28.
bxc3 Rxc3 29.Qb2 Rc2 30.Qf6 Rd5 31.Bh6 Qd4 32.Qe7 Rd8 33.Bg5 Rd7 34.Qe8+ 
Kg7 35.Be7 g5 36.Bxg5 f6 37.Be3 Qd5 38.a4 Qc6 39.Rxd2 1-0

[Event "50th World U20 ch"]
[Site "Chennai IND"]
[Date "2011.08.11"]
[Round "9.13"]
[White "Ramnath Bhuvanesh"]
[Black "Rasulov, Vugar"]
[Result "0-1"]
[WhiteElo "2422"]
[BlackElo "2522"]
[EventDate "2011.08.02"]
[PlyCount "106"]

1.e4 c5 2.Nf3 d6 3.d4 cxd4 4.Nxd4 Nf6 5.Nc3 a6 6.Bc4 e6 7.Bb3 Nbd7 8.Bg5 
Qa5 9.Qd2 Be7 10.O-O-O Nc5 11.Rhe1 h6 12.Bf4 e5 13.Nf5 Bxf5 14.exf5 Rc8 
15.Kb1 Nxb3 16.axb3 Qb4 17.Bg3 Qg4 18.f3 Qxf5 19.f4 Rd8 20.fxe5 dxe5 21.
Qxd8+ Bxd8 22.Rxe5+ Qe6 23.b4 h5 24.Rde1 h4 25.Bf2 Qxe5 26.Rxe5+ Kd7 27.h3
Rh5 28.Re2 Be7 29.Rd2+ Ke6 30.Rd4 Nd5 31.Ne2 Re5 32.Nc1 g5 33.c3 f5 34.Rd2
Nf4 35.Ba7 Rd5 36.Rf2 Rd1 37.Kc2 Rxc1+ 38.Kxc1 Nd3+ 39.Kd2 Nxf2 40.Bxf2 
Ke5 41.Ke3 g4 42.Bg1 f4+ 43.Kd3 f3 44.gxf3 gxh3 45.Bh2+ Kf5 46.Ke3 Bd8 47.
f4 Bb6+ 48.Kf3 Ba7 49.b3 Bb6 50.c4 Bd4 51.c5 Bc3 52.Bg1 Bxb4 53.Be3 Be1 
0-1

[Event "50th World U20 ch"]
[Site "Chennai IND"]
[Date "2011.08.11"]
[Round "9.14"]
[White "Huschenbeth, Niclas"]
[Black "Kunal, M."]
[Result "1-0"]
[WhiteElo "2521"]
[BlackElo "2298"]
[EventDate "2011.08.02"]
[PlyCount "77"]

1.e4 c6 2.d4 d5 3.e5 Bf5 4.Nf3 e6 5.Be2 Nd7 6.O-O h6 7.Nbd2 Ne7 8.Nb3 Ng6 
9.Ne1 h5 10.g3 Bh3 11.Ng2 h4 12.Bd3 f5 13.Bd2 c5 14.c4 Nb6 15.Ba5 Qd7 16.
Nxc5 Bxc5 17.dxc5 dxc4 18.Be2 Qc6 19.Bf3 Nd5 20.Bxd5 Qxd5 21.Qxd5 exd5 22.
Rfd1 Bxg2 23.Kxg2 Ne7 24.Bc7 hxg3 25.hxg3 Kd7 26.Bd6 Ke6 27.Bxe7 Kxe7 28.
Rxd5 Rhd8 29.Rd6 Rac8 30.Rad1 Rxd6 31.cxd6+ Ke6 32.f4 b5 33.Kf2 Kd7 34.g4 
g6 35.gxf5 gxf5 36.Rh1 b4 37.Ke3 c3 38.Rh7+ Ke6 39.Kd4 1-0

[Event "50th World U20 ch"]
[Site "Chennai IND"]
[Date "2011.08.11"]
[Round "9.15"]
[White "Piorun, Kacper"]
[Black "Narayanan, Sunilduth Lyna"]
[Result "0-1"]
[WhiteElo "2514"]
[BlackElo "2233"]
[EventDate "2011.08.02"]
[PlyCount "128"]

1.d4 Nf6 2.c4 g6 3.Nc3 Bg7 4.e4 d6 5.f3 O-O 6.Be3 e5 7.d5 Nh5 8.Qd2 f5 9.
O-O-O Na6 10.exf5 gxf5 11.Bd3 Nc5 12.Bc2 Bd7 13.Nge2 Qe8 14.Rhg1 Nf6 15.
Ng3 Qg6 16.Nh1 Qh5 17.Nf2 Kh8 18.Kb1 Qf7 19.g4 Ng8 20.h4 Rae8 21.h5 Na6 
22.h6 Bf6 23.gxf5 Ne7 24.Nce4 Bxf5 25.Ng4 Bxe4 26.Bxe4 Ng6 27.Nxf6 Qxf6 
28.Rg4 Nc5 29.Bxc5 dxc5 30.Rdg1 Rg8 31.Qa5 b6 32.Qxa7 Qd6 33.Qa4 Ref8 34.
Qd1 Rf6 35.Qc2 Qf8 36.Qc3 Qd6 37.Qc2 Qf8 38.Qh2 Qd6 39.Qh5 Rf4 40.Rg5 Rf6 
41.a4 Qe7 42.Bxg6 hxg6 43.Qh2 Rxf3 44.Rxe5 Qf7 45.Qe2 Rf2 46.Qe1 Rf8 47.
Qc3 Kh7 48.Ka2 Qd7 49.Ka3 R8f3 50.Re3 Rxe3 51.Qxe3 Qf7 52.b3 Qf6 53.Qc1 b5
54.cxb5 Qd4 55.Rg4 Qxg4 56.Qxc5 Rf7 57.a5 Qd1 58.Qc4 Qa1+ 59.Kb4 Qe1+ 60.
Ka4 Qd2 61.b4 Rf4 62.Qb3 Rf1 63.b6 cxb6 64.Qc4 bxa5 0-1

[Event "50th World U20 ch"]
[Site "Chennai IND"]
[Date "2011.08.11"]
[Round "9.16"]
[White "Krysa, Leandro"]
[Black "Pap, Gyula"]
[Result "1-0"]
[WhiteElo "2374"]
[BlackElo "2513"]
[EventDate "2011.08.02"]
[PlyCount "65"]

1.d4 d6 2.Nf3 f5 3.g3 Nf6 4.Bg2 g6 5.O-O Bg7 6.c4 O-O 7.Nc3 Qe8 8.Re1 Qf7 
9.e4 fxe4 10.Nxe4 h6 11.Nc3 g5 12.d5 c5 13.Qe2 Qh5 14.h4 Bg4 15.hxg5 Nh7 
16.g6 Qxg6 17.Nh4 Qh5 18.Qxe7 Nd7 19.Qxd6 Rf6 20.Qc7 Raf8 21.Be3 R6f7 22.
d6 Kh8 23.Qxb7 Ng5 24.Qd5 Ne5 25.Bxg5 Qxg5 26.f4 Rxf4 27.gxf4 Qxh4 28.Rxe5
Qg3 29.Rf1 Rf5 30.d7 Bxe5 31.d8=Q+ Kg7 32.Q8g8+ Kf6 33.Qdf7# 1-0

[Event "50th World U20 ch"]
[Site "Chennai IND"]
[Date "2011.08.11"]
[Round "9.18"]
[White "Swayams Mishra"]
[Black "Grover, Sahaj"]
[Result "0-1"]
[WhiteElo "2378"]
[BlackElo "2496"]
[EventDate "2011.08.02"]
[PlyCount "142"]

1.d4 d5 2.c4 c6 3.Nf3 Nf6 4.e3 Bg4 5.h3 Bxf3 6.Qxf3 e6 7.Nc3 Nbd7 8.Bd3 
Bb4 9.O-O O-O 10.cxd5 exd5 11.e4 Bxc3 12.bxc3 dxe4 13.Bxe4 Nxe4 14.Qxe4 
Re8 15.Qf3 Nb6 16.Bf4 Qd5 17.Qg3 Re6 18.Rfe1 Rg6 19.Qh2 h5 20.Kh1 Qc4 21.
Bb8 Nd7 22.Qc7 Rxb8 23.Qxd7 Qxc3 24.Rab1 Qc2 25.Qc7 Rf8 26.Rxb7 Qxf2 27.
Rg1 Qxa2 28.Rxa7 Qd5 29.Ra5 Qxd4 30.Rxh5 Re8 31.Rf5 Rf6 32.Rxf6 Qxf6 33.
Rc1 Re2 34.Qb8+ Kh7 35.Qg3 Re6 36.Kh2 g6 37.Qc7 Rd6 38.Kh1 Rd2 39.Qg3 c5 
40.Rxc5 Rd1+ 41.Kh2 Qd4 42.Qf3 Qd6+ 43.g3 Rd2+ 44.Kh1 Qd7 45.Rc1 Qxh3+ 46.
Kg1 Qd7 47.Rf1 Qd4+ 48.Kh1 f5 49.Qf4 Qd5+ 50.Qf3 Qe5 51.Qb7+ Kh6 52.Qf3 
Kg7 53.Qb7+ Kf6 54.Qf3 Qd4 55.Qf4 Qd5+ 56.Qf3 Qe5 57.Kg1 Rc2 58.Qf4 Qc5+ 
59.Rf2 Rxf2 60.Qxf2 Qxf2+ 61.Kxf2 Kg5 62.Kf3 Kh6 63.g4 Kg5 64.gxf5 Kxf5 
65.Kg3 Kg5 66.Kh3 Kf4 67.Kg2 Kg4 68.Kh2 Kf3 69.Kh3 g5 70.Kh2 g4 71.Kg1 Kg3
0-1

[Event "50th World U20 ch"]
[Site "Chennai IND"]
[Date "2011.08.11"]
[Round "9.20"]
[White "Praneeth Surya, K."]
[Black "Salem, A. R. Saleh"]
[Result "0-1"]
[WhiteElo "2036"]
[BlackElo "2493"]
[EventDate "2011.08.02"]
[PlyCount "78"]

1.e4 e5 2.f4 d5 3.exd5 exf4 4.Nf3 Bd6 5.Bb5+ c6 6.dxc6 Nxc6 7.d4 Ne7 8.O-O
O-O 9.Nc3 Bg4 10.Ne4 Bc7 11.c3 Ng6 12.Bd3 Nce7 13.Nf2 Bh5 14.Be4 Nd5 15.
Qd3 Re8 16.Bd2 Ne3 17.Bxe3 fxe3 18.Nh3 Qd6 19.g3 Re7 20.Qb5 Bg4 21.Bf5 h5 
22.Rae1 Qb6 23.Qd3 Qxb2 24.Nfg5 Nh4 25.Be4 Bxh3 26.Bd5 Bf5 27.Rxf5 Nxf5 
28.Qxf5 Qf2+ 29.Qxf2 exf2+ 30.Kxf2 Rxe1 31.Kxe1 Re8+ 32.Kf2 Re7 33.c4 Ba5 
34.Ne4 Bb4 35.Kf3 g6 36.c5 Kg7 37.Nd6 b6 38.Nc8 Rd7 39.c6 Rc7 0-1

[Event "50th World U20 ch"]
[Site "Chennai IND"]
[Date "2011.08.11"]
[Round "9.23"]
[White "Kulkarni, Rakesh"]
[Black "Nitin, Senthilvel"]
[Result "0-1"]
[WhiteElo "2231"]
[BlackElo "2365"]
[EventDate "2011.08.02"]
[PlyCount "144"]

1.e4 c5 2.Nf3 d6 3.d4 cxd4 4.Nxd4 Nf6 5.Nc3 a6 6.h3 b5 7.g4 Bb7 8.Bg2 e6 
9.a3 Qc7 10.O-O Be7 11.Be3 Nc6 12.f4 Na5 13.g5 Nd7 14.Nce2 Nc4 15.Bc1 Nc5 
16.b3 Nb6 17.Ng3 d5 18.e5 Ne4 19.Nxe4 dxe4 20.Bb2 Bc5 21.Qe2 O-O-O 22.Rad1
g6 23.Bxe4 h6 24.gxh6 Rxh6 25.Rf3 Kb8 26.Kf1 Rdh8 27.Rdd3 Rh4 28.Rc3 Qe7 
29.Nc6+ Bxc6 30.Bxc6 Bd4 31.Qe4 Bxc3 32.Bxc3 Rxh3 33.Rxh3 Rxh3 34.Bb4 Qh4 
35.Bd6+ Kc8 36.Qd4 Rh1+ 37.Bxh1 Qxh1+ 38.Ke2 Nd5 39.c4 Qg2+ 40.Kd1 Qf3+ 
41.Kc2 Qe2+ 42.Kb1 bxc4 43.bxc4 Qe3 44.Qxe3 Nxe3 45.Be7 Kc7 46.Bg5 Nxc4 
47.Ka2 Kc6 48.Kb3 Kd5 49.Kb4 a5+ 50.Kb3 Kd4 51.Bh6 Kd3 52.Bg5 Kd4 53.Bh6 
Nb6 54.Bg5 Kc5 55.a4 Nd5 56.Bd8 Nxf4 57.Bxa5 Nd3 58.Bc7 Kc6 59.Bb8 Nc5+ 
60.Ka3 Na6 61.Ba7 Kd5 62.Kb3 g5 63.Bg1 g4 64.Bh2 Nc5+ 65.Kb4 Nd3+ 66.Kb5 
Nxe5 67.a5 Nc6 68.a6 f6 69.Kb6 e5 70.a7 Nxa7 71.Kxa7 f5 72.Kb6 f4 0-1

[Event "50th World U20 ch"]
[Site "Chennai IND"]
[Date "2011.08.11"]
[Round "9.25"]
[White "Barbosa, Evandro Amorim"]
[Black "Gireman, Jagadeesan"]
[Result "1-0"]
[WhiteElo "2343"]
[BlackElo "2084"]
[EventDate "2011.08.02"]
[PlyCount "70"]

1.e4 e6 2.d4 d5 3.Nc3 Bb4 4.e5 c5 5.a3 Bxc3+ 6.bxc3 Ne7 7.Qg4 cxd4 8.Qxg7 
Rg8 9.Qxh7 Qc7 10.Ne2 Nbc6 11.f4 Bd7 12.Qd3 dxc3 13.Rb1 O-O-O 14.Rg1 Nf5 
15.g4 Nh4 16.Rg3 d4 17.Kf2 Ng6 18.h3 Be8 19.Bg2 Ncxe5 20.fxe5 Nxe5 21.Qh7 
Bc6 22.Bxc6 Nxc6 23.Qe4 Qd6 24.Rb3 Rgf8 25.Bf4 Qd7 26.Rb5 f5 27.gxf5 exf5 
28.Qd3 Rde8 29.Rg6 Re6 30.Rxe6 Qxe6 31.Nxd4 Qd7 32.Nxc6 Qxc6 33.Rb3 Qc5+ 
34.Kf1 Rg8 35.Rxc3 Rh8 1-0

[Event "50th World U20 ch"]
[Site "Chennai IND"]
[Date "2011.08.11"]
[Round "9.26"]
[White "Lokesh, N."]
[Black "Goganov, Alexei"]
[Result "0-1"]
[WhiteElo "2090"]
[BlackElo "2489"]
[EventDate "2011.08.02"]
[PlyCount "70"]

1.e4 e6 2.d4 d5 3.exd5 exd5 4.Nf3 Bd6 5.c4 Nf6 6.c5 Be7 7.Bd3 b6 8.Qc2 
bxc5 9.dxc5 O-O 10.b4 a5 11.b5 Nbd7 12.Ba3 Ne4 13.Nbd2 Ndxc5 14.Bxc5 Nxc5 
15.Bxh7+ Kh8 16.Bf5 Bf6 17.Rb1 Bxf5 18.Qxf5 Re8+ 19.Kf1 Ne4 20.g3 Qc8 21.
Qh5+ Kg8 22.Kg2 g6 23.Qh6 Qf5 24.Rhc1 Nc3 25.Rb3 d4 26.Nb1 Re2 27.Nxc3 
dxc3 28.Rbxc3 Bxc3 29.Rxc3 Qd5 30.Rxc7 Qxa2 31.Qf4 Rxf2+ 32.Kh3 Qe6+ 33.g4
Rd8 34.Kg3 Rdd2 35.Rc6 Rxf3+ 0-1

[Event "50th World U20 ch"]
[Site "Chennai IND"]
[Date "2011.08.11"]
[Round "9.27"]
[White "Hemant, Sharma"]
[Black "Stany, George Anthony"]
[Result "1/2-1/2"]
[WhiteElo "2247"]
[BlackElo "2435"]
[EventDate "2011.08.02"]
[PlyCount "60"]

1.e4 c5 2.Nc3 Nc6 3.g3 g6 4.Bg2 Bg7 5.d3 d6 6.Nge2 e5 7.O-O Nge7 8.Bd2 Be6
9.Nd5 Bxd5 10.exd5 Nd4 11.c3 Nxe2+ 12.Qxe2 O-O 13.Bg5 f6 14.Be3 Qc7 15.Kh1
Rae8 16.Rae1 Kh8 17.f4 f5 18.g4 b6 19.fxe5 dxe5 20.gxf5 gxf5 21.c4 Nc8 22.
a3 Nd6 23.b4 f4 24.Bg1 Rf6 25.Be4 Rg8 26.Bf2 Qc8 27.Bf3 Rg6 28.Rg1 Rxg1+ 
29.Rxg1 Bf6 30.Rxg8+ Kxg8 1/2-1/2

[Event "50th World U20 ch"]
[Site "Chennai IND"]
[Date "2011.08.11"]
[Round "9.28"]
[White "Shyam Nikil, P."]
[Black "Das, Sayantan"]
[Result "1-0"]
[WhiteElo "2398"]
[BlackElo "2246"]
[EventDate "2011.08.02"]
[PlyCount "105"]

1.e4 c5 2.Nc3 e6 3.f4 a6 4.g3 d5 5.Qe2 Nc6 6.Nf3 Be7 7.Bg2 Nf6 8.e5 Ng4 9.
h3 Nh6 10.g4 Nd4 11.Qd3 Nxf3+ 12.Qxf3 Bh4+ 13.Kd1 O-O 14.d3 f6 15.exf6 
Bxf6 16.Ne2 Nf7 17.h4 Nd6 18.g5 Be7 19.Ng3 Bd7 20.Re1 Nb5 21.c3 Bd6 22.Bh3
Nc7 23.Kc2 b5 24.a3 a5 25.Bd2 b4 26.axb4 axb4 27.Reb1 Ba4+ 28.Kc1 bxc3 29.
bxc3 c4 30.d4 g6 31.Ne2 Bb3 32.Be3 Ba2 33.Rb2 Bb3 34.Rbb1 Ba2 35.Rb2 Bb3 
36.Rbb1 e5 37.dxe5 Bxe5 38.Kd2 Bg7 39.f5 gxf5 40.Bc5 Rf7 41.Bxf5 Kh8 42.
Nd4 Na6 43.Ne6 Qc8 44.Nxg7 Qxc5 45.Ne6 Qd6 46.Re1 Re8 47.Qf2 Nb8 48.Ra8 
Rfe7 49.Bg4 Kg8 50.Rf1 Rb7 51.Nd4 Qg6 52.Be6+ Kh8 53.Qf8+ 1-0

[Event "50th World U20 ch"]
[Site "Chennai IND"]
[Date "2011.08.11"]
[Round "9.30"]
[White "Debashis, Das"]
[Black "Gagare, Shardul"]
[Result "1/2-1/2"]
[WhiteElo "2396"]
[BlackElo "2223"]
[EventDate "2011.08.02"]
[PlyCount "29"]

1.d4 Nf6 2.Nf3 g6 3.e3 Bg7 4.b3 c5 5.Bb2 cxd4 6.exd4 d5 7.Bd3 Nc6 8.O-O 
O-O 9.a3 Nh5 10.Qd2 Qc7 11.Re1 Nf4 12.Bf1 Nh5 13.Bd3 Nf4 14.Bf1 Nh5 15.Bd3
1/2-1/2

[Event "50th World U20 ch"]
[Site "Chennai IND"]
[Date "2011.08.11"]
[Round "9.31"]
[White "Shreyans Shah, K."]
[Black "Priyadharshan, Kannappan"]
[Result "1/2-1/2"]
[WhiteElo "2203"]
[BlackElo "2376"]
[EventDate "2011.08.02"]
[PlyCount "91"]

1.e4 c5 2.c3 Qa5 3.f4 Nf6 4.e5 Nd5 5.d3 d6 6.Nf3 Nc6 7.exd6 e6 8.g3 Bxd6 
9.Bg2 Qc7 10.Na3 a6 11.Nc4 O-O 12.O-O Rd8 13.Qe2 Nf6 14.Be3 Bf8 15.d4 cxd4
16.Nxd4 Nxd4 17.Bxd4 Bc5 18.Bxc5 Qxc5+ 19.Kh1 Qc7 20.Ne5 Bd7 21.Rfd1 Ba4 
22.b3 Be8 23.c4 Rab8 24.Rxd8 Rxd8 25.Rd1 Rxd1+ 26.Qxd1 a5 27.Qd4 b6 28.Bf3
Kf8 29.Kg2 Nd7 30.Nxd7+ Bxd7 31.Qe5 Qc5 32.Kf1 h6 33.Qxc5+ bxc5 34.Ke2 Ke7
35.a3 f5 36.h4 e5 37.Kd2 Kf6 38.h5 exf4 39.gxf4 Ke6 40.Kc3 Kd6 41.b4 axb4+
42.axb4 Be8 43.Kb3 Bf7 44.Kc3 Be8 45.Kb3 Bf7 46.Be2 1/2-1/2

[Event "50th World U20 ch"]
[Site "Chennai IND"]
[Date "2011.08.11"]
[Round "9.33"]
[White "Akash Iyer, P. C."]
[Black "Artemenko, Oleg"]
[Result "1/2-1/2"]
[WhiteElo "2069"]
[BlackElo "2341"]
[EventDate "2011.08.02"]
[PlyCount "84"]

1.e4 c5 2.Nf3 Nc6 3.d3 g6 4.g3 Bg7 5.Bg2 d6 6.O-O e5 7.c3 Nge7 8.a3 a5 9.
a4 O-O 10.Be3 f5 11.Qb3+ Kh8 12.Ng5 Qe8 13.f4 h6 14.Nf3 fxe4 15.dxe4 exf4 
16.Bxf4 Rf6 17.Nbd2 g5 18.Be3 Be6 19.Qc2 Qd7 20.Qd3 Ng6 21.Nc4 Nge5 22.
Ncxe5 Nxe5 23.Nxe5 Rxf1+ 24.Rxf1 Bxe5 25.Qe2 Kg7 26.Qc2 Kh7 27.c4 Qg7 28.
b3 b6 29.Qd2 Rg8 30.Qd1 Qd7 31.Qd2 Qe7 32.Qd1 Qe8 33.Bf3 g4 34.Bg2 h5 35.
Qd3 h4 36.Rf2 Qg6 37.Bf4 h3 38.Bf1 Qg7 39.Bxe5 Qxe5 40.Qe3 Kg7 41.Be2 Rf8 
42.Rxf8 Kxf8 1/2-1/2

[Event "50th World U20 ch"]
[Site "Chennai IND"]
[Date "2011.08.11"]
[Round "9.34"]
[White "Benitez Lozano, Javier"]
[Black "Krishna, C. R. G."]
[Result "0-1"]
[WhiteElo "1994"]
[BlackElo "2330"]
[EventDate "2011.08.02"]
[PlyCount "106"]

1.e4 e6 2.d4 d5 3.Nd2 Nf6 4.e5 Nfd7 5.Bd3 c5 6.c3 Nc6 7.Ne2 cxd4 8.cxd4 f6
9.exf6 Nxf6 10.Nf3 Bd6 11.Nc3 a6 12.O-O O-O 13.Re1 Qc7 14.Bg5 Ng4 15.g3 
Bd7 16.h3 Nf6 17.Kg2 Rf7 18.Ne5 Nxe5 19.dxe5 Bxe5 20.Rxe5 Qxe5 21.Bf4 Qh5 
22.g4 Qh4 23.Bg3 Qh6 24.f4 Ne4 25.Qf3 Ng5 26.fxg5 Rxf3 27.gxh6 Rxd3 28.
hxg7 d4 29.Nd1 Rc8 30.h4 Rc2+ 31.Nf2 Bc6+ 32.Kh2 Rf3 33.Rf1 Bb5 34.Rd1 e5 
35.a4 Rfxf2+ 36.Bxf2 Rxf2+ 37.Kg3 Rf1 38.Rd2 Bc6 39.h5 Kxg7 40.a5 Kf6 41.
Kh4 Rh1+ 42.Kg3 Kg5 43.Rf2 Rg1+ 44.Kh3 Rxg4 45.Rf7 Rh4+ 46.Kg3 Rxh5 47.b4 
Kg6 48.Rc7 e4 49.Kf2 e3+ 50.Ke2 Bb5+ 51.Kf3 e2 52.Rc1 d3 53.Ke3 Re5+ 0-1

[Event "50th World U20 ch"]
[Site "Chennai IND"]
[Date "2011.08.11"]
[Round "9.37"]
[White "Kathmale, Sameer"]
[Black "Udeshi, Aditya"]
[Result "0-1"]
[WhiteElo "2211"]
[BlackElo "2378"]
[EventDate "2011.08.02"]
[PlyCount "82"]

1.e4 d5 2.exd5 Qxd5 3.Nf3 Nf6 4.d4 Bg4 5.Be2 Nc6 6.O-O O-O-O 7.c4 Qh5 8.
Nc3 Nxd4 9.Nxd4 Bxe2 10.Qxe2 Rxd4 11.f3 Rd8 12.Be3 e6 13.Rab1 a6 14.b4 Bd6
15.g3 Be5 16.Rb3 Bd4 17.b5 Qe5 18.Bxd4 Qxd4+ 19.Rf2 a5 20.b6 c6 21.Kg2 h5 
22.h4 Nd7 23.Na4 Nc5 24.Qe1 Nxa4 25.Qxa5 Nc5 26.Rbb2 Na6 27.Rfd2 Qc5 28.
Qc3 e5 29.Qc2 Rxd2+ 30.Qxd2 Qd4 31.Qc2 g6 32.Qc1 Rd8 33.Rf2 Qxb6 34.Rb2 
Qd4 35.Qb1 Qxc4 36.Qg1 Qc3 37.Qb6 Rd2+ 38.Rxd2 Qxd2+ 39.Kh3 Qxa2 40.Qa7 
Qe6+ 41.g4 e4 0-1

[Event "50th World U20 ch"]
[Site "Chennai IND"]
[Date "2011.08.11"]
[Round "9.38"]
[White "Gusain, Himal"]
[Black "Srinath, Narayanan"]
[Result "1-0"]
[WhiteElo "2208"]
[BlackElo "2371"]
[EventDate "2011.08.02"]
[PlyCount "73"]

1.e4 c5 2.Nf3 d6 3.Nc3 Nf6 4.Bc4 e6 5.O-O Be7 6.e5 dxe5 7.Nxe5 O-O 8.f4 
Nbd7 9.Kh1 a6 10.d3 Qc7 11.Qe2 b5 12.Bb3 Bd6 13.Bd2 Nxe5 14.fxe5 Bxe5 15.
Rae1 Nd7 16.Bxe6 fxe6 17.Rxf8+ Nxf8 18.Qxe5 Ra7 19.Qe3 Qc6 20.Ne4 Rf7 21.
Qxc5 Bb7 22.Qxc6 Bxc6 23.Kg1 h6 24.Nc5 Ra7 25.b3 Kf7 26.Rf1+ Kg8 27.Bf4 a5
28.Bd6 Ng6 29.Nxe6 Nh4 30.Rf8+ Kh7 31.Rc8 Ra6 32.Nf8+ Kg8 33.Ng6+ Kh7 34.
Nf8+ Kg8 35.Ne6+ Kh7 36.Nc5 Bd7 37.Nxd7 1-0

[Event "50th World U20 ch"]
[Site "Chennai IND"]
[Date "2011.08.11"]
[Round "9.44"]
[White "Karma, Pandya"]
[Black "Tomazini, Zan"]
[Result "1/2-1/2"]
[WhiteElo "2136"]
[BlackElo "2288"]
[EventDate "2011.08.02"]
[PlyCount "88"]

1.e4 e5 2.Nf3 Nc6 3.Bb5 Bc5 4.O-O Nf6 5.d3 Nd4 6.Nxd4 Bxd4 7.c3 Bb6 8.d4 
O-O 9.dxe5 Nxe4 10.Bd3 d5 11.exd6 Nxd6 12.c4 Qh4 13.Qc2 Qh5 14.Nc3 Be6 15.
b3 Nf5 16.Ne2 Nd4 17.Nxd4 Bxd4 18.Bb2 Rad8 19.Rad1 Bxb2 20.Qxb2 Bg4 21.f3 
Be6 22.Be4 c6 23.Qa3 Ra8 24.Qe7 Rab8 25.Rf2 Rfe8 26.Qd6 g6 27.Rfd2 a5 28.
Qd4 a4 29.Qb6 Qg5 30.Kf1 Qe5 31.Kg1 h5 32.Qd4 Qa5 33.Qf6 Qb6+ 34.Kf1 axb3 
35.axb3 Qxb3 36.Bxg6 Bxc4+ 37.Bd3 Bxd3+ 38.Rxd3 Qb5 39.Kf2 Qc5+ 40.Kf1 Qe5
41.Qh6 Qb5 42.Kg1 Qc5+ 43.Kf1 Qb5 44.Kg1 Qc5+ 1/2-1/2

[Event "50th World U20 ch"]
[Site "Chennai IND"]
[Date "2011.08.11"]
[Round "9.45"]
[White "Debashish, Dutta"]
[Black "Botta, Gabriele"]
[Result "0-1"]
[WhiteElo "2127"]
[BlackElo "2261"]
[EventDate "2011.08.02"]
[PlyCount "80"]

1.e4 c6 2.d4 d5 3.Nc3 dxe4 4.Nxe4 Nf6 5.Nxf6+ exf6 6.Nf3 Bd6 7.Be2 O-O 8.
O-O Qc7 9.h3 Bf5 10.Bd3 Bxd3 11.Qxd3 Nd7 12.Be3 Rad8 13.c4 Rfe8 14.Rfe1 
Nc5 15.Qf5 Ne6 16.Rad1 Bf8 17.d5 cxd5 18.cxd5 Qa5 19.Bxa7 Nc7 20.Rxe8 Nxe8
21.Be3 Qxa2 22.Bb6 Qb3 23.Bxd8 Qxd1+ 24.Kh2 Qe2 25.Ng1 Qxb2 26.g3 Nd6 27.
Qf3 b5 28.Bc7 b4 29.Kg2 Nb5 30.Bf4 b3 31.Qd3 Qa2 32.Nf3 g5 33.Bxg5 fxg5 
34.Qxb5 h6 35.Qd3 Qc2 36.Qd2 Bd6 37.Kf1 Qb1+ 38.Qe1 Qxe1+ 39.Kxe1 b2 40.
Nd2 Bb4 0-1